Maskottchen der 2. Bundesliga (2023/24) - Statistiken

Allgemein
  • Dieses Quiz wurde 67 mal gespielt
  • Das Durchschnittsergebnis liegt bei 6 aus 18
Antwortstatistiken
Verein Maskottchen % Korrekt
HSV Dino
79%
SV Wehen Wiesbaden Löwe
64%
Braunschweig Löwe
64%
Holstein Kiel Storch
63%
Hertha Bär
55%
FC Kaiserslautern Teufel
55%
Hannover 96 Hund
32%
FC Nürnberg Hund
32%
SC Paderborn Maus
29%
Hansa Rostock Möwe
25%
KSC Karlsruhe Wildschwein
25%
Schalke Bergarbeiter
14%
Greuther Fürth Drache
14%
St. Pauli Elefant
14%
1. FC Magdeburg Fuchs
13%
Düsseldorf Keins
13%
Elversberg Panda
11%
VfL Osnabrück Puppen
2%
Keine übereinstimmenden Quizze gefunden
Verteilung der Resultate
Anzahl Personen mit jedem Resultat
Perzentil nach korrekt beantworteten Fragen
Ihre Resultats-Entwicklung
Sie haben dieses Quiz noch nicht gespielt